| 000 | 00856cam a22002412 4500 | ||
|---|---|---|---|
| 001 | 0000000623 | ||
| 005 | 20151217151752.0 | ||
| 008 | 070213s xx 000 0 eng d | ||
| 020 | _a0198200811 : | ||
| 040 |
_aKABU _cKABU |
||
| 050 | 0 |
_aDA405 _b.W66 |
|
| 100 | 1 |
_aWoolrych, Austin. _@0000148875 |
|
| 245 | 1 | 0 |
_aBritain in revolution : _b1625-1660 / _cAustin Woolrych. |
| 260 |
_aOxford : _bOxford University Press, _c2002. |
||
| 300 |
_a814 p : _bill., maps ; _c24 cm. |
||
| 504 | _aIncludes bibliographical refences and index. | ||
| 651 | 0 |
_aGreat Britain _xHistory _yPuritan revolution, 1642-1660. _@0000148876 |
|
| 651 | 0 |
_aGreat Britain _xHistory _yCivil war, 1642-1649. _@0000148877 |
|
| 651 | 0 |
_aGreat Britan _xHistory _yCharles I, 1625 1649. _@0000148878 |
|
| 908 | _a070213 | ||
| 950 | _@1 | ||
| 999 |
_c4831 _d4831 |
||